000 00445nam a2200157 i 4500
001 149895
003 ES-MaACL
005 20230906203312.0
007 t|
008 071024s1969 sp ||||1| spa d
100 1 _aValladares Conde, Alejandro.
_9112731
245 1 0 _aCultura forestal /
_cAlejandro Valladares Conde.
260 _a[Madrid :
_bRealigraf],
_c1969.
300 _a82 p. :
_bil. ;
_c24 cm.
852 _aES-MaACL
_jC-46760
_bR.71086
999 _c149895
_d149895